书目信息 |
| 题名: |
古籍保护与修复技术研究
|
|
| 作者: | 孙治国, 著 | |
| 分册: | ||
| 出版信息: | 长春 吉林大学出版社 2022.01 |
|
| 页数: | 193页 | |
| 开本: | 24cm | |
| 丛书名: | ||
| 单 册: | ||
| 中图分类: | G253.6 | |
| 科图分类: | ||
| 主题词: | 古籍--gu ji--图书保护--研究--中国 , 古籍--gu ji--修复--研究--中国 | |
| 电子资源: | ||
| ISBN: | 978-7-5692-8728-8 | |
| 000 | 00921nam0 2200265 450 | |
| 001 | 012001000356 | |
| 005 | 20141201134410.0 | |
| 010 | @a978-7-5692-8728-8@dCNY58.00 | |
| 099 | @aCAL 012022030656 | |
| 100 | @a20220905d2022 em y0chiy50 ea | |
| 101 | 0 | @achi |
| 102 | @aCN@b220000 | |
| 105 | @aak a 000yy | |
| 106 | @ar | |
| 200 | 1 | @a古籍保护与修复技术研究@Agu ji bao hu yu xiu fu ji shu yan jiu@f孙治国著 |
| 210 | @a长春@c吉林大学出版社@d2022.01 | |
| 215 | @a193页@c图@d24cm | |
| 320 | @a有书目 | |
| 330 | @a本书分七章,内容包括:中国古籍概况、古籍损坏的原因和症状、古籍载体的耐久性及保护路径、保护古籍的基本策略、古籍修复的技术操作、古籍的修复、古籍保护与修复体系构建。 | |
| 606 | 0 | @a古籍@Agu ji@x图书保护@x研究@y中国 |
| 606 | 0 | @a古籍@Agu ji@x修复@x研究@y中国 |
| 690 | @aG253.6@v5 | |
| 701 | 0 | @a孙治国,@Asun zhi guo@f1971-@4著 |
| 801 | 0 | @aCN@bAHXH@c20221111 |
| 905 | @b1369210-4@dG253.6@e163@f5 | |
| 古籍保护与修复技术研究/孙治国著.-长春:吉林大学出版社,2022.01 |
| 193页:图;24cm |
| ISBN 978-7-5692-8728-8:CNY58.00 |
| 本书分七章,内容包括:中国古籍概况、古籍损坏的原因和症状、古籍载体的耐久性及保护路径、保护古籍的基本策略、古籍修复的技术操作、古籍的修复、古籍保护与修复体系构建。 |
| ● |
| 相关链接 |
|
|
|
|
正题名:古籍保护与修复技术研究
索取号:G253.6/163
 
预约/预借
| 序号 | 登录号 | 条形码 | 馆藏地/架位号 | 状态 | 备注 |
| 1 | 1369210 | 213692100 | 第一样本阅览室/ [索取号:G253.6/163] | 在馆 | |
| 2 | 1369211 | 213692119 | 教育系资料室/ [索取号:G253.6/163] | 在馆 | |
| 3 | 1369212 | 213692128 | 教育系资料室/ [索取号:G253.6/163] | 在馆 | |
| 4 | 1369213 | 213692137 | 第四借阅区/ [索取号:G253.6/163] | 在馆 | |
| 5 | 1369214 | 213692146 | 第四借阅区/ [索取号:G253.6/163] | 在馆 |